000 00292nam a22001337a 4500
008 170526b xxu||||| |||| 00| 0 eng d
020 _a0471739200
041 _aeng
080 _a612.3
100 _a27
101 _aIM
245 _aELECTROMAGNETIC DEVICES
_cROTERS, H.C
942 _2udc
_cBK
999 _c14588
_d14588